| 000 | 00397nam a2200145Ia 4500 | ||
|---|---|---|---|
| 008 | 230312s9999||||xx |||||||||||||| ||und|| | ||
| 020 | _a93-325-7040-5 | ||
| 082 |
_a004.22 _bSTA-C |
||
| 100 | _aStallings;William | ||
| 245 | 0 | _aComputer Organization and Architecture:Designing for Performance | |
| 260 |
_bPearson _aIndia _c2018 |
||
| 300 | _a857 | ||
| 650 |
_aEngineering _vComputer |
||
| 942 | _cBK | ||
| 999 |
_c10066 _d10066 |
||